000 01167nam a2200361 i 4500
001 1370
003 KOSZ 005
005 20210317133705.0
008 000320s1979 pl a f |001 0 pol
015 _aPB 1980/1931
020 _a8320401097
040 _aWA N
_cWA N
_dKOSZ 005/HR
041 0 _apol
046 _k1979
080 _a621.38
080 _a(07)
100 1 _aMarciniak, Wiesław
_eAutor
245 1 0 _aPrzyrządy półprzewodnikowe i układy scalone :
_bzasady działania, technologia i zastosowania /
_cWiesław Marciniak.
260 _aWarszawa :
_bWydaw-a Naukowo-Techniczne,
_c1979.
300 _a595, [1] s. :
_bil., tab., wykr. ;
_c25 cm.
380 _aKsiążki
388 _a1901-2000
388 _a1945-1989
504 _aBibliogr. s. 591-592. - Indeks.
650 4 _aPółprzewodniki
650 4 _aUrządzenia
650 4 _aUkład scalony
655 4 _aPodręcznik
658 _aInżynieria i technika
710 2 _aWydawnictwa Naukowo-Techniczne
_4pbl
856 _uhttp://koha.tu.koszalin.pl/cgi-bin/koha/opac-detail.pl?biblionumber=1370
_yKatalog online BPK
942 _2UKD
_cKS
999 _c1370
_d1370